Statistics for Central American Capitals

Click here to take the quiz!

General Stats

  • This quiz has been taken 20 times
  • The average score is 6 of 7

Answer Stats

CapitalCountry% Correct
Panama CityPanama
100%
Guatemala CityGuatemala
92%
San SalvadorEl Salvador
83%
BelmopanBelize
75%
San JoseCosta Rica
75%
TegucigalpaHonduras
67%
ManaguaNicaragua
67%

Score Distribution

Percentile by Number Answered

Percent of People with Each Score

Your Score History

You have not taken this quiz